00944 2200313 4500001002100000005001500021035002000036007000300056008004100059040002200100245012100122300002900243504002500272020002200297041001300319082001600332084001600348090002200364250003500386264003700421336002100458337003000479338002300509650001400532700002800546850001200574999002200586990002200608INLIS00000000087708720230313090516 a0010-0323000354ta220913s2022 yoi f ind d aYOPDYOGbinderda04aThe power of smart method bil qalam :bmenelisik sumber keyakinan dan pemahaman Al-Qur'an /cpenyunting, Ogi Lesmana axi, 262 halaman ;c24 cm aTermasuk bibliografi a978-623-7402-58-90 aindgara04223a297.122 a297.122 POW aCB-D.11 2022-2537 aEdisi pertama: Cetakan I, 202231aSleman :bPustaka Diniyah,c2022 2rdacontentateks 2rdamediaatanpa perantara 2rdacarrieravolume 4aAl-Qur'an1 aOgi Lesmanaepenyunting aYOPDYOG aCB-D.11/2022-2537 aCB-D.11/2022-2537